Official Languages of Zimbabwe - Statistics

General Stats
  • This quiz has been taken 5 times
  • The average score is 9 of 15
Answer Stats
Language Family Answer % Correct
Germanic English
100%
Ndebele
100%
Shona
100%
Venda
100%
Bantu Chewa
67%
Kalanga
67%
Sotho
67%
Tswana
67%
Xhosa
67%
Chibarwe
33%
Khoe Koisan
33%
Nambya
33%
Ndau
33%
Shangani
33%
Tonga
33%
No matching quizzes found
Score Distribution
Percent of People with Each Score
Percentile by Number Answered
Your Score History
You have not taken this quiz